000
00324nam a2200133Ia 4500
005
20251222144818.0
008
251222s9999||||xx |||||||||||||| ||spa||
020
_a
978-970-10-7322-3
082
_a
370.15/T59
100
_a
Tirado Segura, Felipe
245
0
_a
PsicologĂa Educativa:
264
_b
McGraw-Hill
942
_c
LIB
999
_c
20381
_d
20381